LEADER 01145nam a2200265 u 4500 001 000000018012 003 CaOOAMICUS 005 20070226110627.0 008 941219s1938 it u000 u ita u 035 $a10420745 040 $aPUL(R)$bita 041 0 $aita$agrc 100 1 $aLazzati, Giuseppe,$d1909-1986.$0(OLS)http://pul/name/1014 245 12$aL'Aristotele perduto e gli scrittori cristiani /$cGiuseppe Lazzati. 260 $aMilano :$bVita e pensiero,$c1938. 300 $ax, 79 p. ;$c26 cm 490 1 $aPubblicazioni della Universitą cattolica del Sacro Cuore.$aSerie 4, Scienze filologiche ;$v26 504 $aBibliografia in nota. 830 0$aPubblicazioni della Universitą cattolica del Sacro Cuore.$nSerie 4,$pScienze filologiche ;$v26.$0(OLS)http://pul/title/6697 850 $aPUL 852 $aPUL$W1$xDP2 Filosofia 1$y62$m82 G 2$j25369$nBK-PRI$b $qStampati$B25369$CPULBib$Z2$F25369 $81 941 1 $a8 961 $aEx libris: Salvator Riccobono. 996 $6245$aL'Aristotele perduto e gli scrittori cristiani$9(OLS)http://pul/title/25736 996 $6260$aMilano :$bVita e pensiero$9(OLS)http://pul/publisher/48016 LEADER 01384cam a2200313 a 4500 001 000000133397 003 CaOOAMICUS 005 20130408105513.0 008 130408s2013 it 0000u ita r 020 $a978-88-598-0912-8 040 $aPUL$bita 082 04$a347.45 100 1 $aCataldi, Michele.$0(OLS)http://pul/name/67922 245 13$aIl procedimento sommario di cognizione :$bex artt. 702 bis ss. c.p.c. e d.lg. 1.9.2011, n. 150 /$cMichele Cataldi. 260 $aTorino :$bUTET Giuridica,$c©2013. 300 $aXXIV, 234 p. ;$c25 cm. 490 1 $aModelli e tecniche dei processi civili 500 $aInclude indice. 504 $aBibliografia in nota. 650 4$aProcedura civile$zItalia.$0(OLS)http://pul/subject/14566 830 0$aModelli e tecniche dei processi civili.$0(OLS)http://pul/title/154812 850 $aPUL 852 $aPUL$W1$xSL Diritto e Scienze Sociali 3$y79$m347. 45 CATMI 1$j153309$qDDC 21$B152868$CPULBib$Z2$F152868 $H122086 $82 941 1 $a9 996 $6020$a978-88-598-0912-8$9(OLS)http://pul/number/152287 996 $6082$a347.45$9(OLS)http://pul/classification/384 996 $6245$aIl procedimento sommario di cognizione :$bex artt. 702 bis ss. c.p.c. e d.lg. 1.9.2011, n. 150$9(OLS)http://pul/title/168572 996 $6260$aTorino :$bUTET Giuridica$9(OLS)http://pul/publisher/79191